| 000 | 01266 a2200349 4500 | ||
|---|---|---|---|
| 999 |
_c160323 _d26569 |
||
| 001 | 160323 | ||
| 003 | TR-AnTOB | ||
| 005 | 20230908163917.0 | ||
| 007 | ta | ||
| 008 | 080417s2002 tu ad||| |||| 00| 0 tur d | ||
| 040 |
_aTR-AnTOB _beng _cTR-AnTOB _erda |
||
| 041 | _atur | ||
| 050 | 4 |
_aHC493.T73 _bT733 2002 |
|
| 090 |
_aHC493.T73 _bT733 2002 |
||
| 245 | 0 |
_aTrabzon ekonomisinin geliştirilmesi mevcut sorunların ve çözüm önerilerinin tespiti : _bçalışma programı 2002 / _cYayıma hazırlayanlar Ayşegül Katipoğlu [and 3 others] |
|
| 246 | 8 | _aDünya kenti Trabzon için. | |
| 264 | 1 |
_aTrabzon : _bTrabzon Ticaret Sanayi Odası, _c2002. |
|
| 300 |
_a208 pages; _c23 cm. |
||
| 336 |
_2rdacontent _atext _btxt |
||
| 337 |
_2rdamedia _aunmediated _bn |
||
| 338 |
_2rdacarrier _avolume _bnc |
||
| 500 | _a"Kamu - Özel Sektör - Sivil Toplum" on top of title page and cover. | ||
| 651 | 7 |
_aTrabzon (Türkiye) _xEkonomik durum _967136 _2etuturkob |
|
| 651 |
_aTrabzon (Turkey) _xEconomic conditions _967135 |
||
| 700 |
_965934 _aKatipoğlu, Ayşegül |
||
| 710 | 2 |
_aTrabzon Ticaret ve Sanayi Odası _967134 |
|
| 902 | _aT000006 | ||
| 903 | _aTOBB özel Koleksiyon. | ||
| 942 |
_cBK _2lcc |
||
| 945 | _aMÇ, 17.04.2008, KNTRL | ||